Raghavendra prakashana (Record no. 214988)
[ view plain ]
| 000 -LEADER | |
|---|---|
| fixed length control field | 00849nam a2200241Ia 4500 |
| 003 - CONTROL NUMBER IDENTIFIER | |
| control field | OSt |
| 005 - DATE AND TIME OF LATEST TRANSACTION | |
| control field | 20251127155805.0 |
| 008 - FIXED-LENGTH DATA ELEMENTS--GENERAL INFORMATION | |
| fixed length control field | 210719s2008 xx 000 0 und d |
| 040 ## - CATALOGING SOURCE | |
| Transcribing agency | AL |
| 041 ## - LANGUAGE CODE | |
| Language code of text/sound track or separate title | Kannada |
| 082 ## - DEWEY DECIMAL CLASSIFICATION NUMBER | |
| Classification number | K894.8 PUSR |
| 100 ## - MAIN ENTRY--PERSONAL NAME | |
| Personal name | PUSTAKA LOKADA ANANYARU |
| Dates associated with a name | ಪುಸ್ತಕ ಲೋಕದ ಅನನ್ಯರು |
| 9 (RLIN) | 247039 |
| 245 ## - TITLE STATEMENT | |
| Title | Raghavendra prakashana |
| Remainder of title | ರಾಘವೇಂದ್ರ ಪ್ರಕಾಶನ |
| 260 ## - PUBLICATION, DISTRIBUTION, ETC. | |
| Place of publication, distribution, etc. | Bengaluru |
| Name of publisher, distributor, etc. | Abhinava Prakashana |
| Date of publication, distribution, etc. | 2008 |
| 300 ## - PHYSICAL DESCRIPTION | |
| Extent | 58 |
| Other physical details | PB |
| 365 ## - TRADE PRICE | |
| Currency code | Rs |
| 440 ## - SERIES STATEMENT/ADDED ENTRY--TITLE | |
| Title | Chi Shreenivasaraju Nenapina Pustaka-7 |
| 9 (RLIN) | 247040 |
| 650 ## - SUBJECT ADDED ENTRY--TOPICAL TERM | |
| Topical term or geographic name entry element | Kannada Miscellaneous |
| 9 (RLIN) | 247041 |
| 650 ## - SUBJECT ADDED ENTRY--TOPICAL TERM | |
| Topical term or geographic name entry element | Kannada Miscellaneous |
| 9 (RLIN) | 247041 |
| 700 ## - ADDED ENTRY--PERSONAL NAME | |
| Personal name | Basavaraju (J P) |
| Dates associated with a name | ಜೆ ಪಿ ಬಸವರಾಜು |
| 9 (RLIN) | 247042 |
| 906 ## - LOCAL DATA ELEMENT F, LDF (RLIN) | |
| a | Basavaraju ; by ; Ed ; Ji ; Pi ; prakashana ; Raghavendra |
| 942 ## - ADDED ENTRY ELEMENTS (KOHA) | |
| Source of classification or shelving scheme | Dewey Decimal Classification |
| Koha item type | Book |
| Withdrawn status | Lost status | Source of classification or shelving scheme | Damaged status | Not for loan | Collection code | Home library | Current library | Shelving location | Date acquired | Source of acquisition | Total Checkouts | Full call number | Barcode | Date last seen | Price effective from | Koha item type |
|---|---|---|---|---|---|---|---|---|---|---|---|---|---|---|---|---|
| Dewey Decimal Classification | Kannada | St Aloysius Library | St Aloysius Library | Secondary stack section | 04/22/2009 | General Annual | K894.8 PUSR | D03604 | 07/19/2021 | 07/19/2021 | Donated Books |